000 00537nam a22001695i 4500
001 171657
003 ES-MaACL
005 20230906214705.0
008 090525s1972 sp |||| | spa d
080 _a946(078)
100 1 _aSolé Mateu, Luis G.
_9140319
245 1 0 _aHistoria de España
_b: (para oposiciones, con teoría y tets de examen) /
_cLuis G. Solé Mateu.
260 _aBarcelona :
_bMiguel,
_c1972.
300 _a143 p. :
_bil. ;
_c21 cm.
651 4 _aEspaña-
_xHistoria.
_98209
852 _aES-MaACL
_jC-47958
_9R.82829
999 _c171657
_d171657